|
|
|
|
| LEADER |
00736nta a2200217 i 4500 |
| 001 |
dipl111423 |
| 005 |
20210408090448.0 |
| 008 |
210408s2020 hu om 0|| zxx d |
| 040 |
|
|
|a SZTE Diploma Repozitórium
|b hun
|
| 041 |
|
|
|a zxx
|
| 100 |
1 |
|
|a Farsang János
|
| 245 |
1 |
0 |
|a Bad Luck
|h [elektronikus dokumentum] /
|c János Farsang
|
| 246 |
1 |
0 |
|a Bad Luck
|h [elektronikus dokumentum]
|
| 260 |
|
|
|c 2020
|
| 650 |
|
4 |
|a Pedagógusképzés
|
| 650 |
|
4 |
|a Humanities
|
| 650 |
|
4 |
|a Arts (arts, history of arts, performing arts, music)
|
| 650 |
|
4 |
|a Arts, art history
|
| 650 |
|
4 |
|a Visual arts, performing arts, design
|
| 700 |
1 |
|
|a Kiss Ferenc
|e ths
|
| 856 |
4 |
0 |
|u http://diploma.bibl.u-szeged.hu/id/eprint/111423/1/2020_farsang_janos.pdf
|z Dokumentum-elérés
|